[Event "EU-ch Online U12"]
[Site "Tornelo INT"]
[Date "2020.09.20"]
[Round "8"]
[White "Hadjidemetriou, Evangelos"]
[Black "Tieppo, Robert Jack"]
[Result "0-1"]
[WhiteElo "1401"]
[BlackElo "1301"]
[PlyCount "192"]
[EventDate "2020.09.18"]
[EventType "swiss (rapid)"]
[EventRounds "9"]
[EventCountry "NET"]
[SourceTitle "EXT 2023"]
[Source "ChessBase"]
[SourceDate "2022.10.05"]
[SourceVersion "1"]
[SourceVersionDate "2022.10.05"]
[SourceQuality "1"]
[WhiteTeam "Zypern"]
[BlackTeam "Kanalinseln"]
[WhiteTeamCountry "CYP"]
[BlackTeamCountry "JCI"]

1. e4 e5 2. Nf3 Nc6 3. d4 Bd6 4. Bb5 Nf6 5. Nc3 Bb4 6. Bd2 Nxd4 7. Nxd4 exd4 8. Nd5 Nxd5 9. exd5 Bxd2+ 10. Qxd2 0-0 11. Qxd4 Re8+ 12. Be2 b6 13. Qd3 a5 14. 0-0 Ba6 15. Qd2 Rxe2 16. Qc3 Re8 17. Rfe1 Rxe1+ 18. Rxe1 h6 19. Re3 Qf6 20. Qb3 Kf8 21. h3 Bb7 22. Qa4 Qg5 23. c4 Re8 24. Qa3+ d6 25. Rg3 Qc1+ 26. Kh2 Qxc4 27. Rc3 Qxd5 28. Rg3 Re2 29. Qc3 f6 30. Qxc7 g5 31. Rf3 Qe5+ 32. Rg3 Bf3 33. Qd8+ Qe8 34. Qxe8+ Kxe8 35. Rxf3 Rxb2 36. Rxf6 Ke7 37. Rxh6 Rxf2 38. Rh7+ Ke6 39. Rb7 Rxa2 40. Rxb6 a4 41. Ra6 Ke5 42. Kg3 d5 43. Ra5 Ke4 44. Kg4 Rxg2+ 45. Kh5 Ra2 46. Kxg5 d4 47. h4 d3 48. Ra8 d2 49. Rd8 Rc2 50. h5 a3 51. h6 a2 52. h7 a1Q 53. Re8+ Kd3 54. Rd8+ Ke2 55. Re8+ Kd1 56. h8Q Qxh8 57. Rxh8 Ke2 58. Rh2+ Kd3 59. Rh3+ Kc4 60. Rh4+ Kb3 61. Rh3+ Kb2 62. Rd3 Kc1 63. Kf4 d1Q 64. Rxd1+ Kxd1 65. Ke3 Rc3+ 66. Ke4 Kd2 67. Ke5 Rd3 68. Ke4 Kc3 69. Ke5 Kc4 70. Ke4 Rd8 71. Ke5 Kc5 72. Ke4 Rd1 73. Ke5 Re1+ 74. Kf4 Kd4 75. Kf5 Kd5 76. Kf4 Kd4 77. Kf5 Kc5 78. Kf4 Kd5 79. Kf3 Kd4 80. Kf2 Re8 81. Kf3 Re7 82. Kf2 Kd3 83. Kf3 Rf7+ 84. Kg3 Ke4 85. Kg2 Ke3 86. Kg1 Ke2 87. Kh2 Rg7 88. Kh3 Kf2 89. Kh4 Kf3 90. Kh5 Kf4 91. Kh6 Rg1 92. Kh7 Kf5 93. Kh8 Ke6 94. Kh7 Kf6 95. Kh8 Kf7 96. Kh7 Rh1# 0-1

[Event "EU-ch Online U12"]
[Site "Tornelo INT"]
[Date "2020.09.20"]
[Round "9"]
[White "Lausevic, Gorazd"]
[Black "Tieppo, Robert Jack"]
[Result "1-0"]
[WhiteElo "1260"]
[BlackElo "1301"]
[PlyCount "67"]
[EventDate "2020.09.18"]
[EventType "swiss (rapid)"]
[EventRounds "9"]
[EventCountry "NET"]
[SourceTitle "EXT 2023"]
[Source "ChessBase"]
[SourceDate "2022.10.05"]
[SourceVersion "1"]
[SourceVersionDate "2022.10.05"]
[SourceQuality "1"]
[WhiteTeam "Montenegro"]
[BlackTeam "Kanalinseln"]
[WhiteTeamCountry "MNE"]
[BlackTeamCountry "JCI"]

1. d4 Nc6 2. c4 e5 3. d5 Nd4 4. e3 Nf5 5. Nc3 Bb4 6. Qc2 d6 7. Qa4+ Bd7 8. Qxb4 c5 9. Qxb7 Nf6 10. Qb3 0-0 11. Bd3 Nh4 12. Bf1 Re8 13. g3 Ng6 14. Bg2 e4 15. Qc2 Bf5 16. Nge2 Ne5 17. Nxe4 Nfg4 18. f3 Nf6 19. Nxf6+ Qxf6 20. e4 Bg6 21. Nf4 Nd7 22. 0-0 Rab8 23. Rb1 Ne5 24. b3 a5 25. Bb2 Qd8 26. Qc3 f6 27. Ne6 Qc8 28. f4 Nd7 29. g4 Re7 30. Qg3 Bf7 31. f5 g6 32. h4 Bxe6 33. fxe6 Ne5 34. Rxf6 1-0

[Event "EU-ch Online U12"]
[Site "Tornelo INT"]
[Date "2020.09.19"]
[Round "5"]
[White "Elias, David"]
[Black "Tieppo, Robert Jack"]
[Result "1-0"]
[WhiteElo "1460"]
[BlackElo "1301"]
[PlyCount "27"]
[EventDate "2020.09.18"]
[EventType "swiss (rapid)"]
[EventRounds "9"]
[EventCountry "NET"]
[SourceTitle "EXT 2023"]
[Source "ChessBase"]
[SourceDate "2022.10.05"]
[SourceVersion "1"]
[SourceVersionDate "2022.10.05"]
[SourceQuality "1"]
[WhiteTeam "Slovakia"]
[BlackTeam "Kanalinseln"]
[WhiteTeamCountry "SVK"]
[BlackTeamCountry "JCI"]

1. d4 Nf6 2. c4 d5 3. cxd5 Nxd5 4. e4 Nf6 5. Nc3 Nc6 6. Bb5 a6 7. Bxc6+ bxc6 8. Nf3 Bg4 9. Qa4 Rb8 10. Qxc6+ Bd7 11. Qxa6 Ra8 12. Qd3 Bg4 13. 0-0 e6 14. Rd1 1-0